Statistics for Sight Reading Speed Quiz

Click here to take the quiz!

General Stats

  • This quiz has been taken 30 times
  • The average score is 12 of 14

Answer Stats

Answer% Correct
A
100%
D
95%
F
90%
B
86%
D
86%
E
86%
G
86%
A
81%
B
81%
C
81%
C
81%
E
76%
F
71%
G
71%

Score Distribution

Percentile by Number Answered

Percent of People with Each Score

Your Score History

You have not taken this quiz